Minimálna mzda opäť vyššia

Poskytovanie minimálnej mzdy upravuje zákon Národnej rady Slovenskej republiky č. 90/1996 Z.z. v znení neskorších zákonov. Ekonomická a sociálna funkcia minimálnej mzdy. Minimálna mzda ako motivácia pre nezamestnaných zamestnať sa. Hodinová a mesačná minimálna mzda. Výška minimálnej mzdy od 1.10.200...

Descripción completa

Guardado en:
Detalles Bibliográficos
Autor principal: Matlák, Ján
Formato: Capítulo de libro
Lenguaje:eslovaco
Materias:
Etiquetas: Agregar Etiqueta
Sin Etiquetas, Sea el primero en etiquetar este registro!

MARC

LEADER 00000naa$a2200000$$$4500
001 0021817
005 20231109090422.0
041 0 |a slo 
044 |a SK 
245 1 0 |a Minimálna mzda opäť vyššia  |c Ján Matlák 
520 |a Poskytovanie minimálnej mzdy upravuje zákon Národnej rady Slovenskej republiky č. 90/1996 Z.z. v znení neskorších zákonov. Ekonomická a sociálna funkcia minimálnej mzdy. Minimálna mzda ako motivácia pre nezamestnaných zamestnať sa. Hodinová a mesačná minimálna mzda. Výška minimálnej mzdy od 1.10.2004. Minimálna mzda a poisťovací systém. 
610 2 0 |a mzdy 
610 2 0 |a mzdy minimálne 
610 2 0 |a cena práce 
610 2 0 |a zamestnanosť 
610 2 0 |a zamestnávatelia 
610 2 0 |a zamestnanci 
610 2 0 |a nezamestnanosť 
610 2 0 |a poistenie 
610 2 0 |a poistenie sociálne 
610 2 0 |a poistenie zdravotné 
610 2 0 |a legislatíva 
100 1 |a Matlák, Ján